Gaming Quiz

Random Gaming or Famous Quiz

Video Game Trees Quiz Stats

Quiz Updated Oct 19, 2014

Challenge
Share
Tweet
Score 0/18 Timer 04:00
2 Plays Today
% Correct
Pokémon Crystal Version
89%
The Legend of Zelda: Ocarina of Time
87.4%
Minecraft
82.2%
Kirby's Dream Land
82%
Duck Hunt
78.8%
Super Mario 64
74.9%
Animal Crossing
48%
Final Fantasy IX
46.4%
Farmville
41.8%
% Correct
Okami
28.4%
Yoshi's Story
28%
Banjo-Kazooie
26.7%
Fallout 3
20.7%
Secret of Mana
17%
Chrono Trigger
16.6%
World of Warcraft
15.8%
Myst
15.5%
Plants vs. Zombies
15.2%

You're not logged in!

Compare scores with friends on all Sporcle quizzes.
Join for Free
OR
Log In

You Might Also Like...

Show Comments

Extras

Top Quizzes Today


Score Distribution

Your Account Isn't Verified!

In order to create a playlist on Sporcle, you need to verify the email address you used during registration. Go to your Sporcle Settings to finish the process.

Report this User

Report this user for behavior that violates our Community Guidelines.

Details: